UFC : Top 10 hommes poids moyens - Statistiques

Statistiques générales
  • Ce quiz a été pris 226 fois
  • Le résultat moyen est 7 sur 10
Statistiques - réponses
Classement Pays Âge Combattants % Correct
Champion Emirats Arabes Unis 31 Khamzat Chimaev
96%
1 Afrique du Sud 31 Dricus Du Plessis
95%
2 France 29 Nassourdine Imavov
94%
6 Nigéria 36 Israel Adesanya
90%
3 Etats-Unis 31 Sean Strickland
76%
8 Pays-Bas 35 Reinier De Ridder
66%
7 Brésil 32 Caio Borralho
59%
9 Nouvelle-Zélande 34 Robert Whittaker
54%
5 Etats-Unis 29 Brendan Allen
51%
4 Etats-Unis 32 Anthony Hernandez
47%
Aucun quiz correspondant
Distribution des résultats
% des personnes avec chaque résultat
Percentile par nombre de réponses
Votre historique - résultats
Vous n’avez pas pris ce quiz